00385nam a2200157Ia 4500008004000000082001300040100001800053245005000071260003200121300001400153650001000167650000700177650000700184650001700191700001900208210210b1944 xxu||||| |||| 00| 0 eng d a909 DURS aDURANT (Will) aStory of civilization P9: The age of Voltaire aN DbSimon & Schusterc1944 axviii,898 aStory aP9 aof acivilization aDURANT (Ariel)